| 000 | 01832nam2a2200349 4500 | ||
|---|---|---|---|
| 001 | RU\NLR\bibl\4726 | ||
| 005 | 20250615005144.0 | ||
| 010 |
_a5-230-25619-2 _9200 |
||
| 021 |
_aRU _b98-5358 _9257 |
||
| 035 | _a(NLR Aleph) 000004590 | ||
| 090 |
_a12045 _c12045 |
||
| 100 | _a19980810d1997 |||y0rusy50 ca | ||
| 101 | 0 | _arus | |
| 102 | _aRU | ||
| 105 | _a||||||||||||| | ||
| 200 | 1 | _aПиролиз древесины | |
| 210 |
_d1997 _aБ. м. |
||
| 215 | _a99 с. | ||
| 320 | _aБиблиогр.: с. 95 | ||
| 461 | 0 |
_1001RU\NLR\bibl\5221 _12001#$aТехнология лесохимических производств$vЧ. 1 _913989 _aЮрьев, Ю.Л. _cЕкатеринбург _d1997 _fЮ.Л. Юрьев _nУГЛТА _oУчеб. пособие : [Для студентов вузов по спец. "Технология хим. перераб. древесины"] _tТехнология лесохимических производств _vЧ. 1 |
|
| 606 | 0 |
_aЛесохимические производства _jРуководства, пособия и т.п. для высшей школы _91072173 _3RU\NLR\auth\6699204 |
|
| 606 | 0 |
_aЛесохимические производства _jУчебные издания для высшей школы _91072173 _3RU\NLR\auth\6699204 |
|
| 606 | 0 |
_aДревесина _jРуководства, пособия и т.п. для высшей школы _xПиролиз _91005189 _3RU\NLR\auth\66381828 |
|
| 606 | 0 |
_aДревесина _jУчебные издания для высшей школы _xПиролиз _91005189 _3RU\NLR\auth\66381828 |
|
| 686 | _aЛ76я73-1 | ||
| 686 | _aЛ762я73-1 | ||
| 801 | 0 |
_aRU _bNLR _c19980810 _gPSBO |
|
| 801 | 1 |
_aRU _bNLR _c19980810 |
|
| 830 | _aАвт. раскрыт по кн. | ||
| 852 |
_aNLR _j98-4/1169 |
||
| 942 | _cBOOK | ||
| 980 | _aNB | ||